01018cam a2200229 a 4500003000500000005001700005008004100022010001000063011001000073035001000083040000900093100002400102245012000126250001000246260014700256300001000403410014100413490003100554650003100585810014100616830003100757CHAP20220329142142.0000118d1993 mx a r 00100 spa d a79256 a80228 a90677 cCHAP00aMas Porras, Javier. 0aEnsayos de plantaciones forestales en el Campo Experimental Forestal Barranca de Cupatitzioc/por Javier Mas Porras a2 ed. aMéxico, D. F. :bINIFAP. División Forestal. Centro Nacional de Investigaciones Disciplinarias en Conservación y Mejoramiento de ,c1993. a51 p. aINIFAP. División Forestal. Centro Nacional de Investigación Disciplinaria en Conservación y Mejoramiento de Ecosistemas Forestales 0aBoletín técnicov; 10814aPlantación de árboles.00aINIFAP. División Forestal. Centro Nacional de Investigación Disciplinaria en Conservación y Mejoramiento de Ecosistemas Forestales0 aBoletín técnicov; 108